ՀՀ Գիտությունների ազգային ակադեմիայի հիմնարար գիտական գրադարան  =   Fundamental Scientific Library of NAS RA

Գրիգոր Նարեկացուն վերագրվող «Մեկնութիւն «Ո՞վ է դա»-ի» երկը / (Record no. 441172)

MARC details
000 -LEADER
fixed length control field 01647nam a2200301 a 4500
003 - CONTROL NUMBER IDENTIFIER
control field AM-YeHGA
005 - DATE AND TIME OF LATEST TRANSACTION
control field 20250618075211.0
008 - FIXED-LENGTH DATA ELEMENTS--GENERAL INFORMATION
fixed length control field 190828s2019 ai ||||fr|||||00||0|arm||
020 ## - INTERNATIONAL STANDARD BOOK NUMBER
International Standard Book Number 9785550018347
040 ## - CATALOGING SOURCE
Original cataloging agency AM-YeHGA
041 0# - LANGUAGE CODE
Language code of text/sound track or separate title arm
Language code of summary or abstract rus
-- eng
090 ## - LOCALLY ASSIGNED LC-TYPE CALL NUMBER (OCLC); LOCAL CALL NUMBER (RLIN)
-- 443950
100 1# - MAIN ENTRY--PERSONAL NAME
Personal name Թամրազյան, Արուսյակ
245 10 - TITLE STATEMENT
Title Գրիգոր Նարեկացուն վերագրվող «Մեկնութիւն «Ո՞վ է դա»-ի» երկը /
Statement of responsibility, etc. Ա․ Թամրազյան ; Խմբագիրներ՝ Ա․ Տերյան, Գ․ Մուրադյան ; «Մատենադարան» Մեսրոպ Մաշտոցի անվան հին ձեռագրերի ինստիտուտ․
260 ## - PUBLICATION, DISTRIBUTION, ETC.
Place of publication, distribution, etc. Երևան ։
Name of publisher, distributor, etc. Նաիրի,
Date of publication, distribution, etc. 2019․
300 ## - PHYSICAL DESCRIPTION
Extent 512 էջ ;
Dimensions 21 սմ․
500 ## - GENERAL NOTE
General note Նվիրվում է Հրաչյա Թամրազյանին։
504 ## - BIBLIOGRAPHY, ETC. NOTE
Bibliography, etc. note Օգտագործված գրականության ցանկ՝ էջ 499-508։ Տողատակում՝ մատենագիտական ծանոթագրություններ։
525 ## - SUPPLEMENT NOTE
Supplement note Հավելված՝ էջ 417-498։
600 04 - SUBJECT ADDED ENTRY--PERSONAL NAME
Personal name Գրիգոր Նարեկացի,
Dates associated with a name 940-1003
9 (RLIN) 1557
650 14 - SUBJECT ADDED ENTRY--TOPICAL TERM
Topical term or geographic name entry element Հայ գրողներ
Form subdivision Կենսագրություն
Chronological subdivision Միջնադար
650 14 - SUBJECT ADDED ENTRY--TOPICAL TERM
Topical term or geographic name entry element Գրականագիտություն
700 1# - ADDED ENTRY--PERSONAL NAME
Personal name Մուրադյան, Գոհար
Relator term խմբագիր
Relationship edt
9 (RLIN) 8743
700 1# - ADDED ENTRY--PERSONAL NAME
Personal name Տերյան, Աբրահամ
Relator term խմբագիր
Relationship edt
710 2# - ADDED ENTRY--CORPORATE NAME
Corporate name or jurisdiction name as entry element Մատենադարան Մաշտոցի անվան հին ձեռագրերի ինստիտուտ
9 (RLIN) 5865
856 4# - ELECTRONIC LOCATION AND ACCESS
Uniform Resource Identifier <a href="https://arar.sci.am/dlibra/publication/292056/edition/268178/content">https://arar.sci.am/dlibra/publication/292056/edition/268178/content</a>
Link text Կարդալ առցանց
942 ## - ADDED ENTRY ELEMENTS (KOHA)
Source of classification or shelving scheme Universal Decimal Classification
Koha item type Գրքեր / Books
Holdings
Withdrawn status Lost status Source of classification or shelving scheme Damaged status Not for loan Collection Home library Current library Date acquired Total checkouts Full call number Barcode Date last seen Price effective from Koha item type Public note
    Universal Decimal Classification     General Fundamental Scientific Library Fundamental Scientific Library 12/11/2019   AII/105303 FL0608565 12/11/2019 12/11/2019 Գրքեր / Books 30 Days Loan
    Universal Decimal Classification     General Fundamental Scientific Library Fundamental Scientific Library 12/11/2019   AII/105304 FL0608566 12/11/2019 12/11/2019 Գրքեր / Books 30 Days Loan
    Universal Decimal Classification     General Fundamental Scientific Library Fundamental Scientific Library 19/02/2020   AII/105782 FL0622935 19/02/2020 19/02/2020 Գրքեր / Books 30 Days Loan
    Universal Decimal Classification     General Fundamental Scientific Library Fundamental Scientific Library 19/02/2020   AII/105783 FL0622936 19/02/2020 19/02/2020 Գրքեր / Books 30 Days Loan
    Universal Decimal Classification     General Fundamental Scientific Library Fundamental Scientific Library 19/02/2020   AII/105784 FL0622937 19/02/2020 19/02/2020 Գրքեր / Books 30 Days Loan


ՀՀ ԳԱԱ հիմնարար գիտական գրադարան
ՀՀ,Երևան 0019
Մարշալ Բաղրամյան 24/6
հեռախոս:(374-10) 52-47-50
Հետադարձ կապ

All site content, except where otherwise noted, is licensed under a
Creative Commons License